La Guerra Civil Española.

Guardado en:
Formato: Deslizar
Series:Entre dos guerras
Materias:
Etiquetas: Agregar Etiqueta
Sin Etiquetas, Sea el primero en etiquetar este registro!
LEADER 01008ngm a22002655g 4500
001 CEM.cems021644
008 130507b1992##################0###0#####d
005 20240902184737.0
245 0 0 |a La Guerra Civil Española. 
300 |a 23 
490 0 |a Entre dos guerras 
500 |a En soporte VHS, consultar en ventanilla. 
505 0 |a La polarización del poder. Monarquía. Iglesia y Aristocracia. Lucha de izquierda y derecha. Franco: el inicio de la Guerra Civil. La provisión de armas. El exilio. Brigadas Internacionales. Encuentro Hitler-Franco. 
538 |a Soporte: VHS - Norma: Pal N - Color - Grabación DRD 1992 - Hitachi=3246 
082 9 7 |. 91/SCH-1 
653 |a ESPAÑA-HISTORIA 
653 |a ESPAÑA-GUERRA CIVIL 
653 |a FRANCISCO FRANCO 
653 |a ESPAÑA 
653 |a HISTORIA 
653 |a SOCIOLOGIA 
653 |a MONARQUIA 
653 |a GUERRA CIVIL ESPAÑOLA 
653 |a NIVEL SECUNDARIO 
859 |a CEMS  |b BIB. CEMS - Depto. Recursos Didacticos  |h 973.91  |i SCH-1  |k DRD  |p 287.12  |t Ej.1